| 000 | 02314nam a2200337 a 4500 | ||
|---|---|---|---|
| 001 | 60066 | ||
| 003 | BD-RjUL | ||
| 005 | 20211209080812.0 | ||
| 008 | 161228s2005 dcua b 001 0 eng | ||
| 020 | _a0821360825 | ||
| 020 |
_a0821360825 (pbk.) : _cNo price |
||
| 020 |
_a0821360833 (ebook) : _cNo price |
||
| 020 |
_a0821360825 : _c$22.00 |
||
| 035 | _a(BD-RjUL)60190 | ||
| 040 |
_aDLC _beng _cDLC _dDLC _dOrLoB-B |
||
| 041 | _aeng | ||
| 082 | 0 |
_a616.98 _223 _bENV 2005 |
|
| 082 | 0 | 0 |
_a616.98 _222 _bENV 2005 |
| 245 | 0 | 0 |
_aEnvironmental health and traditional fuel use in Guatemala / _cKulsum Ahmed ... [et al.]. |
| 260 |
_aWashington, D.C. : _bWorld Bank, _c2005. |
||
| 300 |
_axxi, 118 p. : _bill. ; _c23 cm. |
||
| 490 | 1 | _aDirections in development | |
| 504 | _aIncludes bibliographical references and index. | ||
| 505 | 0 | _a1. Introduction -- 2. Indoor air pollution and health : evidence from the demographic and health survey and the living standards measurement study -- 3. Estimating health impacts -- 4. The evolution of improved stoves in Guatemala : lessons from three programs -- 5. The role of LPG -- 6. Policy recommendations. | |
| 520 | 1 | _a"Guatemala has a wealth of experience implementing improved stove programs. Through case studies, this book explores how this experience can be better targeted to reduce adverse health impacts of exposure to indoor air pollution and improve market structure and accessibility to cleaner fuels. A number of cross-sectoral interventions are recommended to ensure availability of information, improve monitoring of the coordination among stakeholders, facilitate the use of technical mitigation options, and promote long-term behavioral change. The health implications on morbidity and mortality cases of children under five years of age due to the failure to address the health impacts of IAP, either through policy interventions and/or technical mitigation measures, are estimated." "This book will be of interest to those interested in the environment, energy, public health, and socioeconomic development."--BOOK JACKET. | |
| 650 | 0 |
_aEnvironmental health _zGuatemala. _9178770 |
|
| 700 | 1 |
_aAhmed, Kulsum, _d1964- _9178771 |
|
| 830 | 0 |
_aDirections in development (Washington, D.C.) _9171493 |
|
| 942 |
_2ddc _cBK |
||
| 999 |
_c60066 _d60066 |
||